| 000 | 00752nam a22002417a 4500 | ||
|---|---|---|---|
| 999 |
_c15325 _d15325 |
||
| 003 | AR-CdUCM | ||
| 008 | 190426b ||||| |||| 00| 0 spa d | ||
| 040 |
_aMUNICIPALIDAD PROVINCIAL DEL CUSCO _cBIBLIOTECA MUNICIPAL DEL CUSCO |
||
| 041 | _hmal | ||
| 082 |
_aEP / 372. / _bC87 |
||
| 100 |
_aCranch, H. C. _934372 |
||
| 245 | _aCuentos populares Malayos / | ||
| 260 |
_aBarcelona : _bMolino, _c1963. |
||
| 300 |
_a90 paginas ; _bIlustraciones, graficos, dibujos _c29 cm. |
||
| 440 |
_aVolumenes Publicados _n38 _934373 |
||
| 500 | _aCuentos populares malayos para jovenes | ||
| 650 |
_aCuentos _9217 |
||
| 650 |
_aMalayos _934374 |
||
| 650 |
_aLiteratura _983 |
||
| 700 |
_aRivera, Juan _934375 |
||
| 942 |
_2ddc _cLIBROS |
||
| 945 |
_apjha _d2019-04-26 |
||